[Event "Pistoia Province-ch"]
[Site "Pistoia"]
[Date "2011.01.11"]
[Round "2"]
[White "Garnero, Lorenzo"]
[Black "Biagini, Leonardo"]
[Result "0-1"]
[WhiteElo "1890"]
[BlackElo "1962"]
[PlyCount "62"]
[EventDate "2011.01.08"]
[EventType "swiss"]
[EventRounds "6"]
[EventCountry "ITA"]
[SourceTitle "EXT 2015"]
[Source "ChessBase"]
[SourceDate "2014.11.20"]
[SourceVersion "1"]
[SourceVersionDate "2014.11.20"]
[SourceQuality "1"]

1. e4 e5 2. Nf3 Nc6 3. Bb5 a6 4. Bxc6 dxc6 5. 0-0 f6 6. d4 exd4 7. Nxd4 c5 8. Nf3 Qxd1 9. Rxd1 Bd6 10. e5 fxe5 11. Nxe5 Be6 12. Re1 0-0-0 13. Nc3 Nf6 14. Bg5 Rde8 15. Bxf6 gxf6 16. Nf3 Bf5 17. Nd5 Bxc2 18. Nxf6 Rxe1+ 19. Rxe1 Rf8 20. Ne4 Ba4 21. Rc1 Bc6 22. Nfd2 Bf4 23. Rc2 Re8 24. f3 Bxd2 25. Nxd2 Re2 26. b3 Bb5 27. Rb2 Bd3 28. f4 b5 29. f5 Kd7 30. g4 c4 31. Nxc4 bxc4 0-1

[Event "ITA-ch U16"]
[Site "Merano"]
[Date "2008.07.06"]
[Round "1"]
[White "Valsecchi, Alessio"]
[Black "Biagini, Leonardo"]
[Result "1/2-1/2"]
[WhiteElo "2298"]
[BlackElo "1530"]
[PlyCount "71"]
[EventDate "2008.07.06"]
[EventType "swiss"]
[EventRounds "9"]
[EventCountry "ITA"]
[SourceTitle "EXT 2011"]
[Source "ChessBase"]
[SourceDate "2010.11.26"]
[SourceVersion "1"]
[SourceVersionDate "2010.11.26"]
[SourceQuality "1"]

1. Nf3 Nf6 2. d4 d5 3. c4 e6 4. Nc3 Be7 5. Bg5 h6 6. Bxf6 Bxf6 7. e3 0-0 8. cxd5 exd5 9. Bd3 Bg4 10. h3 Bxf3 11. Qxf3 c6 12. 0-0 g6 13. Rfc1 a5 14. Na4 Nd7 15. a3 Kg7 16. b4 axb4 17. axb4 b5 18. Nc3 Rxa1 19. Rxa1 Be7 20. Ra7 Nb6 21. Qg3 Qd6 22. f4 Ra8 23. Rxa8 Nxa8 24. Ne2 Qc7 25. Qe1 Qd6 26. f5 Qxb4 27. Qg3 Bd6 28. Nf4 Bxf4 29. Qxf4 Qe7 30. fxg6 fxg6 31. Qg3 Qg5 32. Qf2 Nc7 33. h4 Qf6 34. Qg3 Ne8 35. h5 Qg5 36. Qh3 1/2-1/2